| 000 | 00600nam a2200193Ia 4500 | ||
|---|---|---|---|
| 003 | IN-BaIIA | ||
| 008 | 211028s9999 xx 000 0 eng d | ||
| 020 | _a0-85226-605-7 | ||
| 040 | _cIIA Library | ||
| 080 |
_a621.337.1 _bNAG |
||
| 245 | 0 |
_aControl system engineering _cedited by I. J. Nagarth and M. Gopal |
|
| 250 | _a2nd ed. | ||
| 260 |
_aNew Delhi _bNew Age International _c1997 |
||
| 300 | _axii, 725p. | ||
| 650 |
_aControl system engineering _921630 |
||
| 700 |
_aGopal, M., ed. _921631 |
||
| 700 |
_aNagarth, I. J., ed. _921632 |
||
| 942 | _cBK | ||
| 999 |
_c12372 _d12372 |
||